1246 1309 1381 1324 1258 1483 1438 1638 1925 1728 1600 1575 1495 1657 1672 1362 1524 1546 1871 1326 1792 1169 1072 1714 1665 1297 1921 1028 1980 1456 1815 1570 1489 1243 1985 1488 1378 1005 1464 1447 1160 1394 1617 1495 1107 1248 1769 1261 1934 1618 1073 1695 1764 1903 1419 1358 1094 1659 1174 1308 1104 1205 1375 1131 1972 1227 1856 1497 1622 1847 1749 1619 1957 1554 1431 1414 1419 1409 1085 1102 1289 1101 1251 1764 1998 1913 1816 1588 1810 1904 1003 1777 1937 1216 1727 1078 1649 1161 1779 BCNSPRNW ULIB Ver.6.0+V

เปลี่ยนเป็นภาษาไทย

Change to English
 แสดงรายละเอียดบรรณานุกรม
  กลับหน้าหลัก

Brief Record : Get Marc (ISO 2709) : E-mail record : QR code < ปิดหน้าต่าง
LEADER : 00000nam 2200000uu 4500
001    13399113944
003     ULIB
008    110320s||||||||th 000 0 tha d
099    วจ.HD37^bฉ421ป
100 0  เฉลิมพรรณ์ เมฆลอย
245 00 ปัจจัยที่มีความสัมพันธ์ต่อความคิดสร้างสรรค์ด้านบริหารของผู้อำนวยการโรงพยาบาลสร้างเสริมสุขภาพตำบล/^cเฉลิมพรรณ์ เมฆลอย,พร บุญมี,สิริสุดา เตชะวิเศษ,บัวบาน ยะนา,วัชรี ไชยจันดี และ พรพิมล อรุณรุ่งโรจน์
260    พะเยา :^bวิทยาลัยพยาบาลบรมราชชนนี พะเยา,^c2554
300    77 หน้า :^bตาราง
500    รายงานการวิจัย
650  7 ความคิดสร้างสรรค์^xผู้นำ^xวิจัย
700 0  บัวบาน ยะนา
700 0  วัชรี ไชยจันดี
700 0  พรพิมล อรุณรุ่งโรจน์
700 0  สิริสุดา เตชะวิเศษ
700 0  พร บุญมี
710 2  วิทยาลัยพยาบาลบรมราชชนนี. ^bพะเยา
945    ^p0^l0^i030975
995    ทศพร
999 ^a ใช้งานได้ทุกระบบ
รายการนี้ยังไม่มีแท็ก
คุณยังไม่ได้ล็อกอิน คุณสามารถมีกิจกรรมร่วมกับเว็บไซต์ได้ แต่ต้องล็อกอินก่อน ::
  ล็อกอิน

รายการสื่อสารสนเทศ

ลำดับที่ ประเภท เลขเรียก/บาร์โค้ด สถานที่ สถานะ
1. งานวิจัย
งานวิจัย
วจ.HD37 ฉ421ป ฉ.1 
  Barcode: 030975
ห้องสมุดวิทยาเขตสวรรค์ประชารักษ์
►วิจัย
บนชั้น

รายการใกล้เคียง
    ผู้แต่ง [เฉลิมพรรณ์ เมฆลอย]

BibComment


ยังไม่เคยถูกคอมเมนท์

คอมเมนท์ทรัพยากรรายการนี้
  คอมเมนท์: ปัจจัยที่มีความสั..


 Copyright 2026. Bcnsprnw @Library